Islam Today : (Record no. 594352)

000 -LEADER
fixed length control field 00347nam a22001337a 4500
020 ## - INTERNATIONAL STANDARD BOOK NUMBER
International Standard Book Number 9781860642579
040 ## - CATALOGING SOURCE
Transcribing agency NUST
082 ## - DEWEY DECIMAL CLASSIFICATION NUMBER
Classification number 297 AKB
100 ## - MAIN ENTRY--PERSONAL NAME
Personal name Ahmed, Akbar S.
9 (RLIN) 5313
245 ## - TITLE STATEMENT
Title Islam Today :
Remainder of title A Short Introduction to the Muslim World
260 ## - PUBLICATION, DISTRIBUTION, ETC.
Place of publication, distribution, etc. New York:
Name of publisher, distributor, etc. I.B. Tauris Publishers,
Date of publication, distribution, etc. 2008.
650 ## - SUBJECT ADDED ENTRY--TOPICAL TERM
Topical term or geographic name entry element Islam
942 ## - ADDED ENTRY ELEMENTS (KOHA)
Source of classification or shelving scheme
Koha item type Book
Holdings
Withdrawn status Lost status Source of classification or shelving scheme Damaged status Not for loan Permanent Location Current Location Shelving location Date acquired Total Checkouts Full call number Barcode Date last seen Price effective from Koha item type
          College of Electrical & Mechanical Engineering (CEME) College of Electrical & Mechanical Engineering (CEME) General Stacks 03/28/2023   297 AKB CEME-50390 03/28/2023 03/28/2023 Book
© 2023 Central Library, National University of Sciences and Technology. All Rights Reserved.